00326pab a2200121 454500008004000000100001900040245004900059260000900108300001300117362001100130650002900141773003400170180718b2012 xxu||||| |||| 00| 0 eng d aKanth, D. Ravi aWTO: Another attempt at fighting irrelevance c2012 ap.14-17. a14 Jan aWorld Trade Organization aEconomic and Political Weekly